00925nam a2200205 a 450000100100000000500170001000800410002702000150006804000250008308200130010810000370012124501580015826000580031630000430037449000580041770000510047583000650052695201110059199900170070200004179120201002035746.0131017s1977 sp ac 000 0 spa d a8400036336 aDO-SdBNPbspacBNPHU axxxbxxx1 aSamaniego Boneu, Mercedes96865313aLa Política Educativa de la Segunda República durante el Bienio Azañist /cMercedes Samaniego Boneu ; prólogo de María Dolores Gómez Molleda. aMadrid :bC.S.I.C.,bEscuela Historia Moderna,c1977. axxxvi, 392 p. :bil., retrs. ;c25 cm.1 aHistoria de España en el mundo modernoaestudiosv612aGómez Molleda, María Doloreseprol.968654 0aHistoria de España en el mundo modernopestudiosv6968655 001050718MOaGRbGRcCTd2013-10-17iLF1l0oxxx xxxp41791-10r2020-06-25w2020-06-25y1ZNo se presta c41280d41280